[Event "Mondiale Lampo FIDE 2019"]
[Site "Mosca"]
[Date "29.12.2019"]
[Round "12.29"]
[White "Mamedov, Rauf"]
[Black "Grigoriants, Sergey"]
[Result "1/2-1/2"]
[WhiteTitle "GM"]
[BlackTitle "GM"]
[WhiteElo "2659"]
[BlackElo "2542"]
[WhiteFideId "13401653"]
[BlackFideId "4130804"]
[EventDate "2019.12.29"]

1. e4 e5 2. Nf3 Nc6 3. Bb5 a6 4. Ba4 Nf6 5. Nc3 Bc5 6. d3 d6 7. Bg5 h6 8. Bxf6
Qxf6 9. Nd5 Qd8 10. c3 O-O 11. O-O Ne7 12. Ne3 Bxe3 13. fxe3 Ng6 14. Bb3 Kh7 15.
Qe1 f5 16. exf5 Bxf5 17. Rd1 Qe7 18. Qg3 Rf6 19. Ng5+ hxg5 20. Qxg5 Be6 21. Qh5+
Kg8 22. Rxf6 Qxf6 23. Rf1 Nf4 24. exf4 Bxb3 25. axb3 Rf8 26. Qf3 Qe6 27. Qxb7
exf4 28. Qxa6 Qxb3 29. Qc4+ Qxc4 30. dxc4 g5 31. g3 c5 32. gxf4 gxf4 33. Kf2 Kf7
34. Kf3 Ke6 35. Ke4 Rh8 36. Rf2 Rh4 37. b4 f3+ 38. Kd3 cxb4 39. cxb4 d5 40.
cxd5+ Kxd5 41. Rb2 Rh3 42. Ke3 f2+ 43. Ke2 Rxh2 44. Rd2+ Kc4 45. Kf1 Rh1+ 46.
Kxf2 Rh2+ 47. Ke3 Rxd2 48. Kxd2 Kxb4 1/2-1/2

[Event "Mondiale Lampo FIDE 2019"]
[Site "Mosca"]
[Date "29.12.2019"]
[Round "12.30"]
[White "Sarana, Alexey"]
[Black "Sakaev, Konstantin"]
[Result "1-0"]
[WhiteTitle "GM"]
[BlackTitle "GM"]
[WhiteElo "2663"]
[BlackElo "2596"]
[WhiteFideId "24133795"]
[BlackFideId "4104226"]
[EventDate "2019.12.29"]

1. d4 Nf6 2. c4 e6 3. Nf3 b6 4. g3 Ba6 5. Qc2 c5 6. d5 exd5 7. cxd5 Bb7 8. Bg2
Nxd5 9. O-O Be7 10. Rd1 Nc7 11. e4 Nc6 12. Nc3 Ne6 13. Be3 O-O 14. Rd2 Bf6 15.
Rad1 Ncd4 16. Bxd4 cxd4 17. Nb5 d3 18. Qxd3 Nc5 19. Qe3 Bxe4 20. b4 Bc6 21. Nbd4
Bxd4 22. Rxd4 Ne6 23. Rd6 Qf6 24. Ne5 Bxg2 25. Kxg2 Rfe8 26. Nxd7 Qb2 27. a3 Nf8
28. Qf3 Nxd7 29. Rxd7 Qf6 30. Qxf6 gxf6 31. Rb7 Red8 32. Rxa7 Rxd1 33. Rxa8+ Kg7
34. Ra6 Rd3 35. a4 Ra3 36. h4 Kg6 37. Kh3 h5 38. Kg2 Kg7 39. Kf1 Ra2 40. Rxb6
Rxa4 41. Ke2 Ra3 42. Rd6 Rb3 43. Rd4 Kg6 44. Rf4 f5 45. Kd2 Kf6 46. Kc2 Ra3 47.
Kb2 Rd3 48. Kc2 Ra3 49. b5 Ke6 50. b6 Ra2+ 51. Kb3 Ra8 52. Kc4 1-0

[Event "Mondiale Lampo FIDE 2019"]
[Site "Mosca"]
[Date "29.12.2019"]
[Round "12.31"]
[White "Timofeev, Artyom"]
[Black "Salem, A.R. Saleh"]
[Result "0-1"]
[WhiteTitle "GM"]
[BlackTitle "GM"]
[WhiteElo "2588"]
[BlackElo "2675"]
[WhiteFideId "4140419"]
[BlackFideId "9301348"]
[EventDate "2019.12.29"]

1. c4 g6 2. g3 Bg7 3. Bg2 c5 4. Nc3 Nc6 5. Nf3 d6 6. d3 e6 7. Bf4 Nge7 8. Qc1 h6
9. O-O g5 10. Bd2 b6 11. a3 Bb7 12. Rb1 Qd7 13. b4 Ng6 14. bxc5 dxc5 15. a4 Rb8
16. Be3 f5 17. Nb5 O-O 18. Rd1 f4 19. gxf4 Nxf4 20. Bxf4 Rxf4 21. Nd2 a6 22. Nc3
Bxc3 23. Qxc3 Nd4 24. Re1 Rbf8 25. f3 g4 26. Rxb6 Qg7 27. Rxb7 Nxe2+ 28. Rxe2
Qxc3 29. Rxe6 R4f7 30. Rxf7 Rxf7 31. Re2 Qxd3 32. Rf2 Qd4 33. Kf1 Qa1+ 34. Ke2
Re7+ 35. Ne4 Qd4 36. Kf1 Qd1# 0-1

[Event "Mondiale Lampo FIDE 2019"]
[Site "Mosca"]
[Date "29.12.2019"]
[Round "12.32"]
[White "Indjic, Aleksandar"]
[Black "Kobalia, Mikhail"]
[Result "1-0"]
[WhiteTitle "GM"]
[BlackTitle "GM"]
[WhiteElo "2619"]
[BlackElo "2609"]
[WhiteFideId "911925"]
[BlackFideId "4119150"]
[EventDate "2019.12.29"]

1. e4 c5 2. Nf3 e6 3. g3 d5 4. exd5 exd5 5. d4 Nc6 6. Bg2 Nf6 7. O-O Be7 8. dxc5
Bxc5 9. Nc3 O-O 10. a3 Re8 11. b4 d4 12. Na4 Bf8 13. Bb2 Bg4 14. h3 Bh5 15. g4
Bg6 16. Nxd4 Nxd4 17. Qxd4 Qc7 18. Qc3 Qf4 19. Bc1 Qb8 20. Nc5 b6 21. Na6 Qc8
22. Nc7 Be4 23. Bb2 Bxg2 24. Nxe8 Qxc3 25. Bxc3 Bxf1 26. Nxf6+ gxf6 27. Kxf1 Rc8
28. Bxf6 Rxc2 29. Rd1 Rc8 30. Rd7 a5 31. bxa5 bxa5 32. Rd5 Bxa3 33. Rg5+ Kf8 34.
Bg7+ Ke8 35. Rxa5 Bf8 36. Re5+ Kd7 37. Bxf8 Rxf8 38. Kg2 f6 39. Re3 f5 40. g5 f4
41. Re4 Rg8 42. h4 h6 43. Rxf4 hxg5 44. Rg4 Ke6 45. hxg5 Kf5 46. Rg3 Rxg5 47.
Rxg5+ Kxg5 48. Kg3 Kf5 49. Kf3 Kg5 50. Ke4 1-0

[Event "Mondiale Lampo FIDE 2019"]
[Site "Mosca"]
[Date "29.12.2019"]
[Round "12.33"]
[White "Motylev, Alexander"]
[Black "Predke, Alexandr"]
[Result "1-0"]
[WhiteTitle "GM"]
[BlackTitle "GM"]
[WhiteElo "2640"]
[BlackElo "2676"]
[WhiteFideId "4121830"]
[BlackFideId "24107581"]
[EventDate "2019.12.29"]

1. d4 g6 2. c4 Bg7 3. Nc3 c5 4. d5 Bxc3+ 5. bxc3 f5 6. Nf3 d6 7. g3 Qa5 8. Bd2
Nf6 9. Bg2 Nbd7 10. O-O Nb6 11. Ng5 Nxc4 12. Ne6 Bd7 13. Bg5 Ne4 14. Bxe4 fxe4
15. Qb1 Bxe6 16. Qxb7 O-O 17. dxe6 Qa4 18. Bxe7 1-0

[Event "Mondiale Lampo FIDE 2019"]
[Site "Mosca"]
[Date "29.12.2019"]
[Round "12.34"]
[White "Sychev, Klementy"]
[Black "Smirin, Ilia"]
[Result "1/2-1/2"]
[WhiteTitle "GM"]
[BlackTitle "GM"]
[WhiteElo "2563"]
[BlackElo "2607"]
[WhiteFideId "4114060"]
[BlackFideId "2801990"]
[EventDate "2019.12.29"]

1. Nf3 d5 2. d3 Nf6 3. c4 c6 4. Qa4 Nbd7 5. cxd5 cxd5 6. Nc3 a6 7. g4 h6 8. Rg1
e6 9. h4 h5 10. g5 Ng4 11. g6 fxg6 12. Bh3 b5 13. Nxb5 Bc5 14. Bxg4 hxg4 15.
Qxg4 Nf8 16. Nc3 Qb6 17. Rg2 Rh5 18. Bd2 Bd7 19. Na4 Qb5 20. Nxc5 Qxc5 21. Rc1
Qb6 22. Bc3 e5 23. Qg3 d4 24. Bd2 Rc8 25. Rxc8+ Bxc8 26. Ng5 Nd7 27. f4 Qc6 28.
fxe5 Rxh4 29. Rg1 Rh5 30. Qf4 Qd5 31. e6 Nf6 32. Qb8 Qb7 33. Qd6 Rh1 34. Qxd4
Qg2 35. Rxh1 Qxh1+ 36. Kf2 Bb7 37. Be3 Bd5 38. Nf3 Bxf3 39. exf3 Qh2+ 40. Ke1
Qc2 41. Bd2 Qb1+ 42. Ke2 Qxa2 43. Qd6 Qd5 44. Qb8+ Ke7 45. Qa7+ Kxe6 46. Qxa6+
Kf5 47. Qa5 g5 48. Qxd5+ Nxd5 49. b4 Nc7 50. Kd1 g4 51. fxg4+ Kxg4 52. Ke2 Kf5
53. Ke3 Ke5 54. Bc3+ Ke6 55. Ke4 g5 56. Be1 g4 57. Bg3 Nb5 58. d4 Nc3+ 59. Kd3
Nb5 60. Kc4 Nd6+ 61. Kd3 Nb5 62. Kc4 Nd6+ 63. Kb3 Kd5 64. Ka4 Nf5 65. Bf4 Nxd4
66. b5 1/2-1/2

[Event "Mondiale Lampo FIDE 2019"]
[Site "Mosca"]
[Date "29.12.2019"]
[Round "12.35"]
[White "Korobov, Anton"]
[Black "Vastrukhin, Oleg"]
[Result "1/2-1/2"]
[WhiteTitle "GM"]
[BlackTitle "IM"]
[WhiteElo "2668"]
[BlackElo "2428"]
[WhiteFideId "14105730"]
[BlackFideId "4192770"]
[EventDate "2019.12.29"]

1. e4 c6 2. d4 d5 3. e5 Bf5 4. Nf3 e6 5. c3 Nd7 6. Be2 h6 7. O-O Ne7 8. a4 Bh7
9. Nbd2 Nf5 10. a5 Be7 11. b4 O-O 12. Nb3 b6 13. b5 c5 14. dxc5 Nxc5 15. Nbd4
Nxd4 16. Nxd4 Qc7 17. Nc6 Rfc8 18. Ba3 Bf8 19. a6 Nd7 20. f4 Bxa3 21. Rxa3 Nb8
22. Nd4 Nd7 23. Nc6 Nb8 24. Nd4 Nd7 25. h3 Be4 26. Kh2 Nf8 27. Bd3 Bxd3 28. Qxd3
Ng6 29. Rb3 Ne7 30. Rf3 Qc4 31. Qxc4 Rxc4 32. g4 g6 33. Kg3 1/2-1/2

[Event "Mondiale Lampo FIDE 2019"]
[Site "Mosca"]
[Date "29.12.2019"]
[Round "12.36"]
[White "Donchenko, Alexander"]
[Black "Svidler, Peter"]
[Result "1/2-1/2"]
[WhiteTitle "GM"]
[BlackTitle "GM"]
[WhiteElo "2644"]
[BlackElo "2723"]
[WhiteFideId "24603295"]
[BlackFideId "4102142"]
[EventDate "2019.12.29"]

1. Nf3 g6 2. c4 Bg7 3. Nc3 c5 4. g3 Nc6 5. Bg2 d6 6. O-O Bf5 7. h3 Qd7 8. Kh2
Nf6 9. a3 Ne4 10. Nd5 Nf6 11. Nc3 h5 12. d3 h4 13. Nxh4 Be6 14. f4 Nd4 15. e3
Nf5 16. Nxf5 Bxf5 17. h4 Bg4 18. Qa4 Qxa4 19. Nxa4 Rb8 20. Nc3 Bf5 21. e4 Ng4+
22. Kh1 Bd7 23. Bf3 f5 24. Kg2 fxe4 25. Bxe4 Kf7 26. f5 gxf5 27. Bxf5 Bxf5 28.
Rxf5+ Bf6 29. Ne4 Rbg8 30. Nxf6 exf6 31. Bf4 Rxh4 32. gxh4 Ne3+ 33. Kf3 Nxf5 34.
h5 Nd4+ 35. Ke4 Ke6 36. Rh1 f5+ 37. Ke3 Rg2 1/2-1/2

[Event "Mondiale Lampo FIDE 2019"]
[Site "Mosca"]
[Date "29.12.2019"]
[Round "12.37"]
[White "Vitiugov, Nikita"]
[Black "Golubov, Saveliy"]
[Result "1-0"]
[WhiteTitle "GM"]
[BlackTitle "IM"]
[WhiteElo "2747"]
[BlackElo "2469"]
[WhiteFideId "4152956"]
[BlackFideId "24176729"]
[EventDate "2019.12.29"]

1. d4 g6 2. e4 Bg7 3. Nc3 d6 4. Be3 c6 5. Qd2 b5 6. Bd3 Nd7 7. Nf3 Nb6 8. h3 Nc4
9. Bxc4 bxc4 10. O-O Nf6 11. b3 O-O 12. Rfe1 cxb3 13. axb3 d5 14. Bh6 a5 15. e5
Ne8 16. Na4 Nc7 17. Nb6 Ra6 18. Nxc8 Qxc8 19. Bxg7 Kxg7 20. Rxa5 Rxa5 21. Qxa5
Ne6 22. Qa7 Re8 23. Re3 Nf4 24. Kh2 Qf5 25. Qc5 g5 26. Nxg5 Kh8 27. Nf3 Rg8 28.
Ne1 Nxg2 29. Rf3 Qh5 30. Qxe7 Nxe1 31. Qf6+ Rg7 32. Rg3 Nf3+ 33. Qxf3 1-0

[Event "Mondiale Lampo FIDE 2019"]
[Site "Mosca"]
[Date "29.12.2019"]
[Round "12.38"]
[White "Alekseenko, Kirill"]
[Black "Jakovenko, Dmitry"]
[Result "1/2-1/2"]
[WhiteTitle "GM"]
[BlackTitle "GM"]
[WhiteElo "2704"]
[BlackElo "2698"]
[WhiteFideId "4135539"]
[BlackFideId "4122356"]
[EventDate "2019.12.29"]

1. e4 e5 2. Nf3 Nc6 3. Bc4 Bc5 4. O-O Nf6 5. d3 d6 6. c3 a6 7. a4 O-O 8. h3 Ba7
9. a5 Be6 10. Bxe6 fxe6 11. Be3 Bxe3 12. fxe3 d5 13. Qc2 Qd6 14. Nbd2 Rad8 15.
d4 exd4 16. exd4 e5 17. Rae1 dxe4 18. Nc4 Qd5 19. Nfxe5 Nxa5 20. Ne3 Qe6 21.
N3g4 c5 22. Nxf6+ gxf6 23. Ng4 f5 24. Ne3 cxd4 25. cxd4 Rxd4 26. Qc7 Nc6 27.
Qxb7 Ne5 28. Rc1 Rd7 29. Rc7 Rxc7 30. Qxc7 f4 31. Ng4 Nxg4 32. hxg4 e3 33. Rxf4
Rxf4 34. Qxf4 e2 35. Qg5+ Kf8 36. Qf4+ Ke8 37. Qb8+ Kf7 38. Qf4+ Kg6 39. Qf5+
Qxf5 40. gxf5+ Kxf5 41. Kf2 Kf4 42. Kxe2 Kg3 43. Kf1 a5 44. b3 h5 45. Kg1 Kf4
46. Kh2 Ke4 47. Kg3 Kd4 48. Kh4 Kc3 49. Kxh5 Kxb3 50. g4 1/2-1/2

[Event "Mondiale Lampo FIDE 2019"]
[Site "Mosca"]
[Date "29.12.2019"]
[Round "12.39"]
[White "Laznicka, Viktor"]
[Black "Shimanov, Aleksandr"]
[Result "0-1"]
[WhiteTitle "GM"]
[BlackTitle "GM"]
[WhiteElo "2648"]
[BlackElo "2587"]
[WhiteFideId "316385"]
[BlackFideId "4198603"]
[EventDate "2019.12.29"]

1. d4 Nf6 2. c4 g6 3. Nf3 Bg7 4. g3 O-O 5. Bg2 d6 6. O-O Nbd7 7. Nc3 e5 8. h3 c6
9. Qc2 Re8 10. dxe5 dxe5 11. Rd1 Qc7 12. Ng5 Nc5 13. Be3 Bf5 14. Qc1 Qe7 15. b4
Ne6 16. Nxe6 Qxe6 17. g4 Bxg4 18. hxg4 Nxg4 19. Ne4 Nxe3 20. Qxe3 f5 21. Nd6 Re7
22. c5 e4 23. Rab1 Qxa2 24. b5 a5 25. bxa6 bxa6 26. Qb3+ Qxb3 27. Rxb3 a5 28.
Rdb1 Bd4 29. Rc1 a4 30. Rb4 Bf6 31. Rc2 Ra5 32. e3 a3 33. Ra2 Rxc5 34. Rb8+ Kg7
35. Ne8+ Kf7 36. Nxf6 Kxf6 37. Rxa3 Rc1+ 38. Bf1 Rd7 39. Kg2 Rdd1 40. Rf8+ Kg5
41. f4+ exf3+ 0-1

[Event "Mondiale Lampo FIDE 2019"]
[Site "Mosca"]
[Date "29.12.2019"]
[Round "12.40"]
[White "Rakhmanov, Aleksandr"]
[Black "Fridman, Daniel"]
[Result "1/2-1/2"]
[WhiteTitle "GM"]
[BlackTitle "GM"]
[WhiteElo "2645"]
[BlackElo "2616"]
[WhiteFideId "4173708"]
[BlackFideId "11600454"]
[EventDate "2019.12.29"]

1. c4 e6 2. e4 d5 3. exd5 exd5 4. d4 Nf6 5. Nc3 Be7 6. Bd3 O-O 7. Nge2 dxc4 8.
Bxc4 Nbd7 9. O-O Nb6 10. Bb3 c6 11. Re1 Bf5 12. Ng3 Bg6 13. f4 Bd6 14. Rf1 Qc7
15. Qf3 Rfe8 16. f5 Bxg3 17. Qxg3 Qxg3 18. hxg3 Bh5 19. a4 Be2 20. Nxe2 Rxe2 21.
a5 Nbd5 22. a6 b5 23. Bg5 Rxb2 24. Rab1 Rxb1 25. Rxb1 Ne4 26. Bxd5 cxd5 27. Bf4
Nc3 28. Rb2 h5 29. Kf1 Rc8 30. Bd2 Ne4 31. Bf4 Nc3 32. Bd2 Ne4 33. Bf4 Nc3 1/2-1/2

[Event "Mondiale Lampo FIDE 2019"]
[Site "Mosca"]
[Date "29.12.2019"]
[Round "12.41"]
[White "Gajewski, Grzegorz"]
[Black "Ivanisevic, Ivan"]
[Result "1/2-1/2"]
[WhiteTitle "GM"]
[BlackTitle "GM"]
[WhiteElo "2626"]
[BlackElo "2593"]
[WhiteFideId "1116207"]
[BlackFideId "912417"]
[EventDate "2019.12.29"]

1. d4 Nf6 2. Nf3 e6 3. Bf4 b6 4. e3 Bb7 5. Be2 d6 6. h3 Nbd7 7. O-O Qe7 8. c4
Ne4 9. Nfd2 g5 10. Bh2 Nxd2 11. Nxd2 Bg7 12. Bf3 Bxf3 13. Qxf3 O-O 14. Qc6 Rfc8
15. Ne4 h6 16. f4 f5 17. Nc3 Nf6 18. fxg5 hxg5 19. Rae1 Qd7 20. Qf3 Rf8 21. d5
exd5 22. cxd5 Nh7 23. Ne2 Rf7 24. Nd4 Bxd4 25. exd4 Re8 26. h4 gxh4 27. Qh5 Re4
28. Bf4 Rg7 29. Bh6 Qf7 30. Qf3 Rxe1 31. Rxe1 Rg6 32. Qe3 Nf6 33. Qf4 Qxd5 34.
Re2 Rg4 35. Qc1 Qxd4+ 36. Kh1 Qd3 37. Qf1 Qd5 38. Kh2 Ne4 39. Bf4 Qf7 40. Qd1
Kh7 41. Rxe4 Rxg2+ 42. Kxg2 fxe4 43. Qg4 Qg6 44. Kh3 Qxg4+ 45. Kxg4 Kg6 46. Be3
d5 47. b4 c6 48. a4 Kf6 49. Bd4+ Ke6 50. Kxh4 Kd6 51. Kg3 c5 52. bxc5+ bxc5 53.
Bb2 d4 54. Kf4 Kd5 55. a5 e3 56. Bc1 Kc4 57. Ke4 Kc3 58. a6 e2 1/2-1/2

[Event "Mondiale Lampo FIDE 2019"]
[Site "Mosca"]
[Date "29.12.2019"]
[Round "12.42"]
[White "Petrosian, Tigran L."]
[Black "Ganguly, Surya Shekhar"]
[Result "0-1"]
[WhiteTitle "GM"]
[BlackTitle "GM"]
[WhiteElo "2601"]
[BlackElo "2633"]
[WhiteFideId "13301616"]
[BlackFideId "5002150"]
[EventDate "2019.12.29"]

1. Nf3 Nf6 2. g3 g6 3. Bg2 Bg7 4. O-O O-O 5. d3 d6 6. e4 c5 7. Nh4 Nc6 8. f4 Bg4
9. Qe1 Nd4 10. Rf2 Bd7 11. h3 e6 12. c3 Nc6 13. Na3 d5 14. e5 Nh5 15. Rf1 g5 16.
Nf3 gxf4 17. g4 Ng3 18. Rf2 f5 19. g5 Nh5 20. Re2 a6 21. Nc2 Ng3 22. Rf2 Nh5 23.
d4 Be8 24. a3 Rc8 25. Kh2 Kh8 26. Rf1 cxd4 27. Ncxd4 Nxd4 28. Nxd4 Qe7 29. Rg1
Qxg5 30. Bf3 Qh6 31. Qh4 Bxe5 32. Rg5 Bxd4 33. cxd4 Rc2+ 34. Rg2 Rxg2+ 35. Kxg2
Qg7+ 36. Kf1 Bb5+ 37. Ke1 Qg1+ 38. Kd2 Qe3+ 0-1

[Event "Mondiale Lampo FIDE 2019"]
[Site "Mosca"]
[Date "29.12.2019"]
[Round "12.43"]
[White "Zvjaginsev, Vadim"]
[Black "Xu, Yinglun"]
[Result "1/2-1/2"]
[WhiteTitle "GM"]
[BlackTitle "GM"]
[WhiteElo "2627"]
[BlackElo "2555"]
[WhiteFideId "4113403"]
[BlackFideId "8604940"]
[EventDate "2019.12.29"]

1. e4 e6 2. d4 d5 3. Nd2 c5 4. exd5 exd5 5. Ngf3 Nf6 6. Bb5+ Bd7 7. Bxd7+ Nbxd7
8. O-O Be7 9. dxc5 Nxc5 10. Nb3 Nce4 11. Nfd4 Nd6 12. c3 O-O 13. Bg5 h6 14. Bh4
Re8 15. Re1 Qc7 16. Bg3 Nfe4 17. Nf5 Nxg3 18. Nxe7+ Rxe7 19. Rxe7 Qxe7 20. hxg3
Nc4 21. Rb1 Rd8 22. Nd4 Re8 23. Qg4 Qe4 24. Qxe4 dxe4 25. b3 1/2-1/2

[Event "Mondiale Lampo FIDE 2019"]
[Site "Mosca"]
[Date "29.12.2019"]
[Round "12.44"]
[White "Bartel, Mateusz"]
[Black "Petrov, Nikita"]
[Result "0-1"]
[WhiteTitle "GM"]
[BlackTitle "GM"]
[WhiteElo "2634"]
[BlackElo "2585"]
[WhiteFideId "1112635"]
[BlackFideId "4101286"]
[EventDate "2019.12.29"]

1. e4 e5 2. Nf3 Nc6 3. Bb5 g6 4. Nc3 Bg7 5. d3 Nge7 6. h4 h6 7. h5 g5 8. a4 d6
9. Nh2 O-O 10. g4 Nd4 11. Bc4 c6 12. Nf1 d5 13. Ba2 Be6 14. Ne3 Qd7 15. Nf5 dxe4
16. dxe4 Nexf5 17. gxf5 Bxa2 18. Nxa2 g4 19. Qxg4 Nxc2+ 20. Kf1 Kh7 21. Rb1 Bf6
22. Nc3 Rg8 23. Qd1 Qxd1+ 24. Nxd1 Rad8 25. Nc3 Bg5 26. Rh3 Nb4 27. Bxg5 Rxg5
28. Rd1 Rxd1+ 29. Nxd1 Rg8 30. Ke2 Nc2 31. Kd3 Nd4 32. f4 Rd8 33. fxe5 Nf3+ 34.
Ke2 Ng1+ 35. Ke3 Nxh3 36. Nc3 Ng5 37. Ne2 Re8 38. Kf4 f6 39. e6 Nxe6+ 40. fxe6
Rxe6 41. Nd4 Rd6 42. Nf5 Rd2 43. b3 Rd3 44. b4 Rb3 45. Nd6 Rxb4 46. Kf5 b5 47.
axb5 cxb5 48. Kxf6 a5 49. e5 Rf4+ 50. Nf5 a4 51. e6 Re4 52. Nd6 Rxe6+ 53. Kxe6
a3 54. Nxb5 a2 55. Nd6 a1=Q 56. Ne4 Qa6+ 57. Kf5 Qc8+ 58. Ke5 Qe8+ 59. Kf4 Qf7+
60. Ke5 Qe7+ 61. Kf4 Kg7 62. Kf5 Qf7+ 63. Kg4 Qd5 64. Ng3 Qg5+ 65. Kf3 Kf7 66.
Kf2 Qf4+ 67. Kg2 Kf6 68. Kh3 Ke5 0-1

[Event "Mondiale Lampo FIDE 2019"]
[Site "Mosca"]
[Date "29.12.2019"]
[Round "12.45"]
[White "Antipov, Mikhail Al."]
[Black "Esipenko, Andrey"]
[Result "0-1"]
[WhiteTitle "GM"]
[BlackTitle "GM"]
[WhiteElo "2549"]
[BlackElo "2642"]
[WhiteFideId "4107012"]
[BlackFideId "24175439"]
[EventDate "2019.12.29"]

1. e4 c6 2. Nf3 d5 3. d3 dxe4 4. dxe4 Qxd1+ 5. Kxd1 Nd7 6. Nfd2 g6 7. Nb3 Bg7 8.
c3 f5 9. N1d2 Ngf6 10. exf5 gxf5 11. Bd3 Ng4 12. Ke2 Nde5 13. Bc2 b6 14. h3 Ba6+
15. Ke1 Nh6 16. Nd4 Bd3 17. Bxd3 Nxd3+ 18. Ke2 Nxc1+ 19. Raxc1 Rc8 20. f4 c5 21.
Ne6 Bf6 22. Nf3 Nf7 23. Kf2 Nd6 24. Nd2 Rg8 25. Kf3 Kf7 26. Rce1 Bh4 27. Re5
Rg3+ 28. Ke2 Rxg2+ 29. Kd1 Rxd2+ 0-1

[Event "Mondiale Lampo FIDE 2019"]
[Site "Mosca"]
[Date "29.12.2019"]
[Round "12.46"]
[White "Meier, Georg"]
[Black "Sethuraman, S.P."]
[Result "0-1"]
[WhiteTitle "GM"]
[BlackTitle "GM"]
[WhiteElo "2626"]
[BlackElo "2638"]
[WhiteFideId "4675789"]
[BlackFideId "5021596"]
[EventDate "2019.12.29"]

1. Nf3 d6 2. d4 g6 3. g3 Bg7 4. Bg2 f5 5. O-O Nf6 6. c4 O-O 7. Nc3 c6 8. Rb1 a5
9. a3 Na6 10. b4 axb4 11. axb4 Nc7 12. Qc2 Qe8 13. Bf4 Nh5 14. c5 Nxf4 15. gxf4
Be6 16. e3 h6 17. Rfc1 Qd7 18. Ne1 Ra3 19. Na4 Nb5 20. Nb6 Qe8 21. Ra1 Rxa1 22.
Rxa1 g5 23. Nd3 Qh5 24. Qd1 Qf7 25. Rc1 Bf6 26. Bf3 Kh7 27. Kh1 Rg8 28. Bg2 Nc7
29. fxg5 hxg5 30. Kg1 Kg7 31. Ra1 Nb5 32. Rc1 Rh8 33. Qf3 Rh4 34. h3 Rh8 35. Qg3
Qg6 36. Rd1 Nc3 37. Rd2 Ne4 38. Bxe4 fxe4 39. Ne1 Rxh3 40. Qg2 g4 41. cxd6 exd6
42. d5 cxd5 43. Nxd5 Be5 44. Nf4 Bxf4 45. exf4 d5 46. Rc2 Qf6 47. Rc7+ Kg6 48.
Qf1 Qxf4 0-1

[Event "Mondiale Lampo FIDE 2019"]
[Site "Mosca"]
[Date "29.12.2019"]
[Round "12.47"]
[White "Gasanov, Eldar"]
[Black "Andriasian, Zaven"]
[Result "0-1"]
[WhiteTitle "GM"]
[BlackTitle "GM"]
[WhiteElo "2481"]
[BlackElo "2611"]
[WhiteFideId "14104466"]
[BlackFideId "13302000"]
[EventDate "2019.12.29"]

1. c4 e5 2. Nc3 Nc6 3. Nf3 Nf6 4. a3 d5 5. cxd5 Nxd5 6. Qc2 Nxc3 7. dxc3 Bd6 8.
e4 a5 9. Be3 O-O 10. a4 Qe7 11. Bc4 Bg4 12. Nd2 Nd8 13. O-O Ne6 14. h3 Bh5 15.
Rfe1 Qf6 16. Bf1 Bc5 17. Bxc5 Nxc5 18. Nc4 Rfd8 19. Be2 Bg6 20. Bf3 Ne6 21. Rad1
Ng5 22. Qe2 b6 23. Qe3 h6 24. Na3 Qc6 25. Nb5 Nxf3+ 26. gxf3 Bh5 27. Kh2 Kh7 28.
Rd5 f6 29. Red1 Rxd5 30. exd5 Qc4 31. Qd3+ Qxd3 32. Rxd3 Rc8 33. c4 Be8 34. Kg3
g5 35. Rd2 Kg6 36. b3 h5 37. Nc3 Rd8 38. Ne4 f5 39. Nc3 h4+ 40. Kg2 Kf6 41. Re2
Bd7 42. Re1 Re8 43. Re3 Rg8 44. Kh2 Rg7 45. Re2 Rg8 46. Rd2 Ke7 47. Re2 Kd6 48.
Nd1 Re8 49. Nb2 Kc5 50. Kg2 Kd4 51. Re3 e4 52. fxe4 Rxe4 53. Rd3+ Kc5 54. Rf3
Re2 55. Nd3+ Kd4 56. Nc1 Rd2 57. Kf1 Rd1+ 0-1

[Event "Mondiale Lampo FIDE 2019"]
[Site "Mosca"]
[Date "29.12.2019"]
[Round "12.48"]
[White "Inarkiev, Ernesto"]
[Black "Melkumyan, Hrant"]
[Result "1-0"]
[WhiteTitle "GM"]
[BlackTitle "GM"]
[WhiteElo "2663"]
[BlackElo "2668"]
[WhiteFideId "4162722"]
[BlackFideId "13302485"]
[EventDate "2019.12.29"]

1. Nf3 d5 2. d4 Nf6 3. Bf4 e6 4. e3 Bd6 5. Nbd2 O-O 6. Bd3 c5 7. dxc5 Bxc5 8.
O-O h6 9. c4 Nc6 10. Rc1 Be7 11. h3 b6 12. Bb1 Bb7 13. cxd5 Nxd5 14. Rxc6 Nxf4
15. exf4 Bxc6 16. Qc2 g6 17. Qxc6 Bf6 18. Nc4 Rc8 19. Qe4 Qd5 20. Qxd5 exd5 21.
Nce5 Rfd8 22. Rd1 Kg7 23. Kf1 Rc5 24. Ne1 g5 25. N1d3 Rcc8 26. fxg5 hxg5 27. Ng4
Bd4 28. a3 f5 29. Nge5 Kf6 30. Nf3 Bc5 31. Ba2 g4 32. hxg4 fxg4 33. Nfe5 Kf5 34.
Bb1 Bd6 35. Re1 Bxe5 36. Nxe5+ Kf4 37. g3+ Kg5 38. Nf7+ Kf6 39. Nxd8 Rxd8 40.
Rc1 Ke5 41. Ke2 Kd4 42. Rd1+ Ke5 43. Kd3 Rf8 44. Re1+ Kd6 45. Re2 a5 46. Kd2 Kc5
47. Bg6 Rg8 48. Bf7 Rf8 49. Be6 Kc4 50. Bxg4 Kb3 51. Kd3 b5 52. f3 a4 53. Rf2
Re8 54. Bd7 Rg8 55. Be6 Rd8 56. f4 Ka2 57. f5 Rd6 58. Re2 Kb1 59. f6 1-0

[Event "Mondiale Lampo FIDE 2019"]
[Site "Mosca"]
[Date "29.12.2019"]
[Round "12.49"]
[White "Postny, Evgeny"]
[Black "Sanal, Vahap"]
[Result "0-1"]
[WhiteTitle "GM"]
[BlackTitle "GM"]
[WhiteElo "2605"]
[BlackElo "2549"]
[WhiteFideId "2804344"]
[BlackFideId "6300545"]
[EventDate "2019.12.29"]

1. d4 Nc6 2. Nf3 d6 3. c4 e5 4. d5 Nce7 5. e4 Ng6 6. Nc3 Be7 7. Be2 Nf6 8. O-O
O-O 9. Ne1 c5 10. Nd3 Nd7 11. Bg4 Bg5 12. Rb1 Bxc1 13. Qxc1 Nf6 14. Bxc8 Rxc8
15. b4 cxb4 16. Rxb4 a5 17. Ra4 Nd7 18. Qc2 Nb6 19. Rxa5 Nxc4 20. Ra4 Qg5 21.
Qc1 Nf4 22. g3 Nb6 23. h4 Rxc3 24. hxg5 Ne2+ 25. Kg2 Nxc1 0-1

[Event "Mondiale Lampo FIDE 2019"]
[Site "Mosca"]
[Date "29.12.2019"]
[Round "12.50"]
[White "Vokhidov, Shamsiddin"]
[Black "Cheparinov, Ivan"]
[Result "0-1"]
[WhiteTitle "IM"]
[BlackTitle "GM"]
[WhiteElo "2526"]
[BlackElo "2687"]
[WhiteFideId "14204223"]
[BlackFideId "2905540"]
[EventDate "2019.12.29"]

1. e4 c5 2. Nf3 d6 3. Nc3 Nf6 4. d4 cxd4 5. Nxd4 a6 6. h3 e5 7. Nde2 h5 8. Bg5
Be6 9. Bxf6 Qxf6 10. Nd5 Qd8 11. Qd3 g6 12. O-O-O Bh6+ 13. Kb1 Nc6 14. g3 Rc8
15. a3 O-O 16. f4 exf4 17. gxf4 Bg7 18. Rg1 Re8 19. c3 Ne7 20. Nxe7+ Qxe7 21.
Bg2 Bc4 22. Qd2 b5 23. Nd4 a5 24. Nc2 b4 25. axb4 axb4 26. Nxb4 Qa7 27. e5 dxe5
28. f5 e4 29. fxg6 fxg6 30. Rge1 e3 31. Qc2 e2 32. Rd6 Qf2 33. Qxg6 Qxe1+ 34.
Kc2 Qf2 0-1